20-長野県の市町村クイズ(1999年) - Statistics

General Stats
  • This quiz has been taken 233 times
  • The average score is 74 of 120
Answers on the Map
Answers color-coded by a green-red scale on the quiz's map according to % correct below.
 
Answer Stats
Answer % Correct
大町おおまち
88%
小谷おたりむら
88%
軽井沢かるいざわまち
87%
岡谷おかや
84%
飯山いいやま
83%
上田うえだ
83%
さかえむら
83%
長野ながの
83%
白馬はくばむら
83%
小布施おぶせまち
80%
木島平きじまだいらむら
80%
小諸こもろ
80%
塩尻しおじり
80%
信濃しなのまち
80%
松本まつもと
80%
佐久さく
79%
川上かわかみむら
77%
茅野ちの
77%
飯田いいだ
76%
王滝おうたきむら
76%
下諏訪しもすわまち
76%
須坂すざか
76%
立科たてしなまち
76%
野沢温泉のざわおんせんむら
76%
伊那いな
75%
大桑おおくわむら
75%
大鹿おおしかむら
75%
木祖きそむら
75%
諏訪すわ
75%
辰野たつのまち
75%
はらむら
75%
朝日あさひむら
73%
池田いけだまち
73%
北相木きたあいきむら
73%
駒ヶ根こまがね
73%
富士見ふじみまち
73%
御代田みよたまち
73%
やまうちまち
73%
阿南あなんちょう
72%
生坂いくさかむら
72%
小川おがわむら
72%
小海こうみまち
72%
高山たかやまむら
72%
南木曽なぎそまち
72%
南相木みなみあいきむら
72%
箕輪みのわまち
72%
青木あおきむら
71%
阿智あちむら
71%
中野なかの
71%
松川まつかわむら
71%
南箕輪みなみみのわむら
71%
売木うるぎむら
69%
麻績おみむら
69%
南牧みなみまきむら
69%
更埴こうしょく
68%
天龍てんりゅうむら
68%
山形やまがたむら
68%
上松あげまつまち
67%
木曽福島きそふくしままち
67%
根羽ねばむら
67%
宮田みやだむら
67%
坂城さかきまち
65%
佐久さくまち
64%
喬木たかぎむら
64%
飯島いいじままち
63%
鬼無里きなさむら
61%
豊丘とよおかむら
61%
安曇あづみむら
60%
下條しもじょうむら
60%
山口やまぐちむら
60%
平谷ひらやむら
59%
高森たかもりまち
57%
東部とうぶまち
57%
戸隠とがくしむら
57%
松川まつかわまち
57%
泰阜やすおかむら
57%
北御牧きたみまきむら
56%
真田さなだまち
56%
坂北さかきたむら
55%
中川なかがわむら
55%
穂高ほたかまち
55%
梓川あずさがわむら
53%
戸倉とぐらまち
53%
豊野とよのまち
53%
長門ながとまち
53%
南信濃みなみしなのむら
53%
高遠たかとおまち
52%
波田はたまち
51%
牟礼むれむら
51%
信州新しんしゅうしんまち
49%
丸子まるこまち
49%
明科あかしなまち
48%
上山田かみやまだまち
48%
八千穂やちほむら
48%
三水さみずむら
47%
清内路せいないじむら
47%
臼田うすだまち
45%
武石たけしむら
45%
堀金ほりがねむら
45%
望月もちづきまち
45%
和田わだむら
45%
四賀しがむら
44%
豊科とよしなまち
44%
かみむら
43%
楢川ならかわむら
43%
浅科あさしなむら
41%
開田かいだむら
40%
坂井さかいむら
39%
豊田とよたむら
39%
大岡おおおかむら
37%
長谷はせむら
37%
三岳みたけむら
36%
奈川ながわむら
35%
美麻みあさむら
35%
中条なかじょうむら
33%
日義ひよしむら
32%
本城ほんじょうむら
32%
浪合なみあいむら
31%
八坂やさかむら
29%
三郷みさとむら
25%
No matching quizzes found
Score Distribution
Percent of People with Each Score
Percentile by Number Answered
Your Score History
You have not taken this quiz